| 000 | 00330nam a22001217a 4500 | ||
|---|---|---|---|
| 082 | _aCP-27 | ||
| 100 |
_aLt Col Mughees Aslam _950908 |
||
| 245 |
_aRisk Management in construction _bCourse pack _cLt Col Mughees Aslam |
||
| 260 |
_aRisalpur, _bMCE, _c2015. |
||
| 500 | _aMS-CEM-3 | ||
| 526 |
_a0 _b0 _c0 _dCP_27 |
||
| 942 |
_2ddc _cBKB |
||
| 999 |
_c553654 _d553654 |
||